Carolina Panthers Schedule 2022/2023 - Statistics

General Stats
  • This quiz has been taken 27 times
  • The average score is 13 of 18
Answer Stats
Week Panthers Opponent % Correct
1 Panthers vs Browns
96%
3 Panthers vs Saints
88%
10 Panthers vs Falcons
83%
2 Panthers at Giants
83%
8 Panthers at Falcons
79%
7 Panthers vs Buccaneers
75%
17 Panthers at Buccaneers
71%
4 Panthers vs Cardinals
71%
18 Panthers at Saints
71%
5 Panthers vs 49ers
67%
9 Panthers at Bengals
67%
16 Panthers vs Lions
67%
6 Panthers at Rams
67%
11 Panthers at Ravens
67%
14 Panthers at Seahawks
67%
12 Panthers vs Broncos
63%
15 Panthers vs Steelers
63%
13 Panthers Bye
54%
No matching quizzes found
Score Distribution
Percent of People with Each Score
Percentile by Number Answered
Your Score History
You have not taken this quiz